[Event "ROM-ch U10"]
[Site "Calimanesti"]
[Date "2018.03.31"]
[Round "6"]
[White "Cozma, Teodor Mihail"]
[Black "Covrig, Raul Alexandru"]
[Result "0-1"]
[WhiteElo "1336"]
[BlackElo "1125"]
[PlyCount "60"]
[EventDate "2018.03.27"]
[EventType "swiss"]
[EventRounds "9"]
[EventCountry "ROU"]
[SourceTitle "CBM 183 Extra"]
[Source "ChessBase"]
[SourceDate "2018.04.19"]
[SourceVersion "1"]
[SourceVersionDate "2018.04.19"]
[SourceQuality "1"]

1. e4 g6 2. d4 Bg7 3. Nc3 d6 4. Be3 Nd7 5. Qd2 a6 6. Bd3 e6 7. f3 h6 8. 0-0-0 b6 9. h4 Ne7 10. g4 Bb7 11. Nge2 Rc8 12. Ng3 c5 13. Be2 b5 14. d5 b4 15. dxe6 bxc3 16. exd7+ Qxd7 17. bxc3 Qa4 18. Qxd6 Qa3+ 19. Kb1 Bxc3 20. Qd7+ Kf8 21. Qxb7 Kg7 22. Bf4 Nc6 23. Rd7 Rhf8 24. Bc1 Qb4+ 25. Qxb4 Nxb4 26. Bf4 Rb8 27. Bxb8 Rxb8 28. a4 Nd3+ 29. Ka2 Rb2+ 30. Ka3 Bb4# 0-1

[Event "ROM-ch U10"]
[Site "Calimanesti"]
[Date "2018.03.30"]
[Round "5"]
[White "Iorga, Andrei"]
[Black "Cozma, Teodor Mihail"]
[Result "0-1"]
[WhiteElo "1007"]
[BlackElo "1336"]
[PlyCount "108"]
[EventDate "2018.03.27"]
[EventType "swiss"]
[EventRounds "9"]
[EventCountry "ROU"]
[SourceTitle "CBM 183 Extra"]
[Source "ChessBase"]
[SourceDate "2018.04.19"]
[SourceVersion "1"]
[SourceVersionDate "2018.04.19"]
[SourceQuality "1"]

1. e4 c5 2. Nf3 g6 3. Bc4 Nc6 4. 0-0 Bg7 5. Nc3 d6 6. d3 Nf6 7. Be3 0-0 8. h3 Na5 9. Bb3 Nxb3 10. axb3 b6 11. Qd2 d5 12. exd5 Nxd5 13. Nxd5 Qxd5 14. Bh6 Bxh3 15. Qe3 Be6 16. c4 Qf5 17. Rfe1 Rfd8 18. Rad1 Bxb2 19. Re2 Bd4 20. Qd2 Bg7 21. Ree1 Rd7 22. Re4 Rad8 23. Bxg7 Kxg7 24. Qc3+ Kg8 25. Re3 Qf6 26. Ne5 Bf5 27. Qc2 Rd6 28. f4 Re6 29. g4 Bxd3 30. Rdxd3 Rxd3 31. Qxd3 Qxf4 32. Qe4 Qxe4 33. Rxe4 f6 34. Kg2 Rxe5 35. Rxe5 fxe5 36. Kf3 Kf7 37. Ke4 Ke6 38. g5 a6 39. Kf3 Kf5 40. Ke3 e6 41. Kf3 Kxg5 42. Ke4 Kf6 43. Kf3 h5 44. Kg3 g5 45. Kf3 Kf5 46. Ke3 h4 47. Kf3 g4+ 48. Kg2 h3+ 49. Kf2 Kf4 50. Kf1 g3 51. Kg1 g2 52. Kf2 e4 53. Kg1 Kg3 54. b4 h2# 0-1

[Event "ROM-ch U08"]
[Site "Calimanesti Caciulata"]
[Date "2016.04.24"]
[Round "8"]
[White "Cozma, Teodor Mihail"]
[Black "Anghelus, Alexandru Mihai"]
[Result "1-0"]
[WhiteElo "1052"]
[BlackElo "1203"]
[PlyCount "65"]
[EventDate "2016.04.18"]
[EventType "swiss"]
[EventRounds "9"]
[EventCountry "ROU"]
[SourceTitle "CBM 172 Extra"]
[Source "ChessBase"]
[SourceDate "2016.06.21"]
[SourceVersion "1"]
[SourceVersionDate "2016.06.21"]
[SourceQuality "1"]

1. e4 c6 2. c4 g6 3. Nc3 Bg7 4. d4 d6 5. h3 Nd7 6. Nf3 c5 7. Be3 b6 8. Be2 Bb7 9. 0-0 Ngf6 10. Qc2 0-0 11. Bd3 Nh5 12. Qd2 cxd4 13. Nxd4 e5 14. Ndb5 Nb8 15. Nd5 Bxd5 16. cxd5 a6 17. Nc3 Nd7 18. Bh6 Nc5 19. Be2 Nf6 20. Bf3 Qd7 21. Be3 Rab8 22. Rac1 Na4 23. b3 Nxc3 24. Rxc3 b5 25. Rfc1 Rbc8 26. Rxc8 Rxc8 27. Rxc8+ Qxc8 28. Qa5 Bf8 29. Bg5 Be7 30. Qb6 Kg7 31. Bg4 Qa8 32. Qc6 h6 33. Qxa8 1-0